000
00277aas a2200097 4500
008
240222b |||||||| |||| 00| 0 eng d
245
_a
Identity culture & politics-Vol. 2, no. 1 (January 2001)
246
_a
An Afro-Asian-dialogue
260
_a
Codesria :
_b
ICES,
_c
2001
942
_c
CR
999
_c
4789
_d
4789